Trendy vo vývoji cien, v produkcii a v spotrebe potravín vo vybraných krajinách a v Slovenskej republike

Vývoj cien potravín v Slovenskej republike a v ďalších vybraných krajinách. Vývojové trendy vo výrobe potravín, ich spotreby a v zahraničnom obchode s agropotravinárskymi komoditami.

Salvato in:
Dettagli Bibliografici
Autore principale: Kadlečíková, Mária
Natura: Capitolo di libro
Lingua:slovacco
Soggetti:
Tags: Aggiungi Tag
Nessun Tag, puoi essere il primo ad aggiungerne!!

MARC

LEADER 00000nla a2200000 4500
001 0168686
005 20220722102039.4
041 0 |a slo 
044 |a SK 
245 1 0 |a Trendy vo vývoji cien, v produkcii a v spotrebe potravín vo vybraných krajinách a v Slovenskej republike  |c Mária Kadlečíková ...[et al.] 
520 |a Vývoj cien potravín v Slovenskej republike a v ďalších vybraných krajinách. Vývojové trendy vo výrobe potravín, ich spotreby a v zahraničnom obchode s agropotravinárskymi komoditami. 
610 2 0 |a potraviny 
610 2 0 |a ceny 
610 2 0 |a volatilita 
610 2 0 |a vývoj cenový 
610 2 0 |a výroba 
610 2 0 |a spotreba potravín 
610 2 0 |a obchod 
610 2 0 |a Slovensko 
610 2 0 |a západná Európa 
610 2 0 |a východná Európa 
100 1 |a Kadlečíková, Mária